| 000 | 00501nam a2200181Ia 4500 | ||
|---|---|---|---|
| 008 | 240925s9999 xx 000 0 und d | ||
| 020 | _a9780091906924 | ||
| 082 | _a658.4012 TOM | ||
| 100 | _aTom, Deborah | ||
| 245 | 4 | _aThe business general: transform your business usnig seven secrets of military success | |
| 250 | _aNA | ||
| 260 |
_aLondon: _bVermilion _c,2006. |
||
| 300 |
_a423p. _bN.A _fOriginal |
||
| 500 | _aIncludes Index | ||
| 600 | _aManagement | ||
| 650 | _aManagement | ||
| 942 | _cBK | ||
| 999 |
_c17911 _d17911 |
||